Skills for helping professionals : gathering information (assessment).

Two counseling scenarios focused on gathering information (assessment) with adults are dramatized.

Bibliographic Details
Format: Video
Language:English
Language Notes:Closed-captions in English.
Published: London : SAGE Publications Ltd, 2017.
Subjects:
Online Access:Connect to this streaming video

MARC

Tag First Indicator Second Indicator Subfields
LEADER 00000cgm a2200000Mi 4500
001 in00005513813
006 m o c
007 vz |za|||
007 cr |za||||||||
008 190620r20172017enk--- f o vleng d
005 20241105202855.1
035 |a (OCoLC)on1108714425 
040 |a SGPBL  |b eng  |e rda  |e pn  |c SGPBL  |d OCLCF  |d OCLCO  |d AZK 
019 |a 1319452062  |a 1354793463 
020 |a 9781544379524  |q (streaming video) 
020 |a 1544379528 
035 |a (OCoLC)1108714425  |z (OCoLC)1319452062  |z (OCoLC)1354793463 
041 0 |j eng 
050 4 |a BF176.5  |b .S55 2017 
082 0 4 |a 150.287 
049 |a TXAM 
245 0 0 |a Skills for helping professionals :  |b gathering information (assessment). 
264 1 |a London :  |b SAGE Publications Ltd,  |c 2017. 
300 |a 1 online resource (1 video file (00:05:59)) :  |b sound, colour 
336 |a two-dimensional moving image  |b tdi  |2 rdacontent 
337 |a computer  |b c  |2 rdamedia 
337 |a video  |b v  |2 rdamedia 
338 |a online resource  |b cr  |2 rdacarrier 
520 8 |a Two counseling scenarios focused on gathering information (assessment) with adults are dramatized. 
546 |a Closed-captions in English. 
588 |a Description based on XML content. 
650 0 |a Behavioral assessment. 
650 0 |a Counseling psychology. 
650 6 |a Analyse comportementale. 
650 6 |a Psychologie du counseling. 
650 7 |a Behavioral assessment.  |2 fast  |0 (OCoLC)fst00829938 
650 7 |a Counseling psychology.  |2 fast  |0 (OCoLC)fst01740078 
856 4 0 |u http://proxy.library.tamu.edu/login?url=https://sk.sagepub.com/video/skills-for-helping-professionals-gathering-information-assessment  |z Connect to this streaming video  |t 0 
955 |a SAGE Knowledge Video Social Work 
994 |a 92  |b TXA 
999 f f |s a03a96f9-a693-42c9-8be1-728f50642681  |i ebc5954f-b641-4b53-b7dd-a99dd54a29fe  |t 0 
952 f f |a Texas A&M University  |b College Station  |c Electronic Resources  |d Available Online  |t 0  |e BF176.5 .S55 2017  |h Library of Congress classification 
998 f f |a BF176.5 .S55 2017  |t 0  |l Available Online